| 000 | 01197pam a2200313 a 4500 | ||
|---|---|---|---|
| 001 | 4869628 | ||
| 003 | ARRUPE | ||
| 005 | 20211013115901.0 | ||
| 008 | 920715s1993 enka b 001 0 eng | ||
| 010 | _a 92028442 | ||
| 020 | _a0198750935 | ||
| 020 | _a0198750943 (pbk.) | ||
| 040 |
_aDLC _cDLC _dDLC |
||
| 050 | 0 | 0 |
_aBD591 _b.C26 1993 |
| 082 | 0 | 0 |
_a122 _220 |
| 245 | 0 | 0 |
_aCausation / _cedited by Ernest Sosa and Michael Tooley. |
| 260 |
_aOxford ; _aNew York : _bOxford University Press, _c1993. |
||
| 300 |
_aviii, 252 p. : _bill. ; _c21 cm. |
||
| 440 | 0 |
_aOxford readings in philosophy _913542 |
|
| 504 | _aIncludes bibliographical references (p. [245]-249) and index. | ||
| 650 | 0 | _aCausation. | |
| 700 | 1 |
_aSosa, Ernest. _917009 |
|
| 700 | 1 |
_aTooley, Michael, _d1941- _950417 |
|
| 856 | 4 | 2 |
_3Publisher description _uhttp://www.loc.gov/catdir/enhancements/fy0603/92028442-d.html |
| 856 | 4 | 1 |
_3Table of contents only _uhttp://www.loc.gov/catdir/enhancements/fy0603/92028442-t.html |
| 906 |
_a7 _bcbc _corignew _d1 _eocip _f19 _gy-gencatlg |
||
| 942 |
_2lcc _cMONOGRAPH |
||
| 999 |
_c130785 _d130785 |
||